00411 2200145 4500001002300000005001700023006001900040008004100059020001900100035002600119082002300145100003700168245002600205260003400231NBPULOT00000000000093420140126070224.0a ||| | 171130| ||| |  a 979-3407-38-7 a 0010-0114000000009260 2 22 a 2X3.1 QAR J0 a Dr. A'IDH BIN ABDULLAH AL-QARNI00a JANGAN BERPUTUS ASA! a Jakarta b DARUL HAQ c 2004